[Event "Niedersachsen-ch"]
[Site "Bad Lauterberg"]
[Date "2001.04.08"]
[Round "2"]
[White "Dunkhorst, Olaf"]
[Black "Leiber, Bernhard"]
[Result "1-0"]
[WhiteElo "1944"]
[BlackElo "2152"]
[PlyCount "117"]
[EventDate "2001.04.??"]
[EventType "swiss"]
[EventRounds "9"]
[EventCountry "GER"]
[SourceTitle "EXT 2006"]
[Source "ChessBase"]
[SourceDate "2005.11.24"]
[SourceVersion "1"]
[SourceVersionDate "2005.11.24"]
[SourceQuality "1"]

1. b3 Nf6 2. Bb2 g6 3. e3 Bg7 4. Nf3 d6 5. Be2 e5 6. d3 0-0 7. 0-0 Nc6 8. c4 e4 9. dxe4 Nxe4 10. Bxg7 Kxg7 11. a3 Qf6 12. Ra2 Be6 13. Qc2 Nc5 14. b4 Bf5 15. Qb2 Ne4 16. Qxf6+ Kxf6 17. Rc1 a5 18. b5 Ne5 19. Nc3 Nxc3 20. Rxc3 Nd7 21. Nd4 Be4 22. f3 Bf5 23. a4 Rfe8 24. Kf2 Nc5 25. Nb3 Re5 26. Nxc5 Rxc5 27. Rd2 Re8 28. Bd3 Be6 29. Be4 b6 30. Bd5 Bxd5 31. Rxd5 Re5 32. e4 Ke6 33. Ke3 f5 34. Kd4 fxe4 35. fxe4 Rh5 36. h3 Rh4 37. Rf3 Ke7 38. Rxc5 dxc5+ 39. Kd5 g5 40. Rf5 g4 41. Rf4 Rh5+ 42. Kc6 gxh3 43. gxh3 Rxh3 44. Kxc7 Rh6 45. Rf5 Re6 46. Rh5 h6 47. Rd5 Kf6 48. Rd6 Rxd6 49. Kxd6 Kf7 50. Kc6 h5 51. Kxb6 h4 52. Kxa5 h3 53. b6 h2 54. b7 h1Q 55. b8Q Qe1+ 56. Ka6 Qb4 57. Qb5 Qa3 58. a5 Ke6 59. Kb6 1-0